| 000 | 01260nam a22002657a 4500 | ||
|---|---|---|---|
| 005 | 20170124103153.0 | ||
| 010 | _aB-072995 | ||
| 020 | _c300.00 | ||
| 035 | _aB-072995 | ||
| 037 | _bCen Lib/Ret | ||
| 040 |
_aDPL _bHN |
||
| 082 |
_a780.95402 _bपाण्डेय |
||
| 100 |
_aपाण्डेय, आशा _988682 |
||
| 245 |
_aमध्यकालीन संगीत शैलियों का उद्गम और विकास / _cआशा पाण्डेय |
||
| 246 |
_aMadhyakalin sangeet sailiyon ka udgam aur vikas / _bby Asha Pandey |
||
| 260 |
_bनिर्मल पब्लिकेशन _aदिल्ली _c2002 |
||
| 270 |
_aए-139, गली न.3, कबीर नगर, शाहदरा _bदिल्ली _e110094 |
||
| 300 |
_a162पृ. _c20सेमी (सजिल्द) |
||
| 500 | _aसन्दर्भ सूची शामिल | ||
| 650 |
_aसंगीत (मध्यकाल)--भारत _988683 |
||
| 650 |
_aसंगीत शैलियाँ--विकास--भारत _988684 |
||
| 650 |
_aMusic (medieval) - India _988685 |
||
| 650 |
_aMusic Styles - development - India _988686 |
||
| 942 |
_2ddc _cHN _h780.95402 _mपाण्डेय |
||
| 999 |
_c120131 _d120131 |
||